00659nam a2200169 a 4500008004100000050002200041100002000063245017800083260003900261300001900300350000900319490002700328650006500355650003200420650002200452710001500474080417s2008 ||||||||||||||||| || u aIBRD(06)LR/2008/4 aO'Donnell, Owen10aAnalyzing health equity using household survey data: a guide to techniques and their implementationcBy Owen O'Donnell, Eddy van Doorslaer, Adam Wagstaff and Magnus Lindelow aWashington, D.C.bWorld Bankc2008 axi, 220p. :ill a0.00 aWBI learning resources aHEALTH SERVICES ACCESSIBILITY--RESEARCH--STATISTICAL METHODS aHEALTH SURVEYS--METHODOLOGY aHOUSEHOLD SURVEYS aWorld Bank